| Tag |
First Indicator |
Second Indicator |
Subfields |
| LEADER |
00000cam a22000005i 4500 |
| 001 |
in00003728513 |
| 005 |
20210728125703.0 |
| 006 |
m o d |
| 007 |
cr nn 008mamaa |
| 008 |
151214s2011 xxk| o |||| 0|eng d |
| 020 |
|
|
|a 9780230306943
|9 978-0-230-30694-3
|
| 024 |
7 |
|
|a 10.1057/9780230306943
|2 doi
|
| 035 |
|
|
|a (DE-He213)978-0-230-30694-3
|
| 035 |
|
|
|a 5306934
|
| 040 |
|
|
|d UtOrBLW
|
| 043 |
|
|
|a e------
|
| 072 |
|
7 |
|a HBJD
|2 bicssc
|
| 072 |
|
7 |
|a HIS010000
|2 bisacsh
|
| 082 |
0 |
4 |
|a 940
|2 23
|
| 090 |
|
|
|a D1055
|b .E976 2011
|
| 245 |
0 |
0 |
|a European Identity and the Second World War /
|c edited by Menno Spiering, Michael Wintle.
|
| 264 |
|
1 |
|a London :
|b Palgrave Macmillan UK :
|b Imprint: Palgrave Macmillan,
|c 2011.
|
| 300 |
|
|
|a 1 online resource (XV, 273 pages)
|
| 336 |
|
|
|a text
|b txt
|2 rdacontent
|
| 337 |
|
|
|a computer
|b c
|2 rdamedia
|
| 338 |
|
|
|a online resource
|b cr
|2 rdacarrier
|
| 347 |
|
|
|a text file
|b PDF
|2 rda
|
| 500 |
|
|
|a Electronic resource.
|
| 520 |
|
|
|a The two concepts at the centre of this book: Europe, and the Second World War, are constantly changing in public perception. Now that 'Europe' is an even more contested idea than ever, this volume informs the current discourse on European identity by analysing Europe's reaction to the tragedy, heroism and disgrace of the Second World War.
|
| 650 |
1 |
4 |
|a History.
|
| 650 |
2 |
4 |
|a Cultural History.
|
| 650 |
2 |
4 |
|a European History.
|
| 650 |
2 |
4 |
|a History of World War II and the Holocaust.
|
| 650 |
2 |
4 |
|a Modern History.
|
| 650 |
2 |
4 |
|a Political History.
|
| 650 |
2 |
4 |
|a Social History.
|
| 650 |
|
0 |
|a Civilization
|x History.
|0 http://id.loc.gov/authorities/subjects/sh85026424
|
| 650 |
|
0 |
|a History, Modern.
|0 http://id.loc.gov/authorities/subjects/sh85061236
|
| 650 |
|
0 |
|a History.
|0 http://id.loc.gov/authorities/subjects/sh85061212
|
| 650 |
|
0 |
|a Social history.
|0 http://id.loc.gov/authorities/subjects/sh85123948
|
| 650 |
|
0 |
|a World War, 1939-1945.
|0 http://id.loc.gov/authorities/subjects/sh85148273
|
| 650 |
|
0 |
|a World politics.
|0 http://id.loc.gov/authorities/subjects/sh85148216
|
| 651 |
|
0 |
|a Europe
|x History.
|0 http://id.loc.gov/authorities/subjects/sh85045687
|
| 655 |
|
7 |
|a Electronic books.
|2 local
|
| 700 |
1 |
|
|a Spiering, Menno,
|e editor.
|
| 700 |
1 |
|
|a Wintle, Michael,
|e editor.
|
| 710 |
2 |
|
|a SpringerLink (Online service)
|0 http://id.loc.gov/authorities/names/no2005046756
|
| 773 |
0 |
|
|t Springer eBooks
|
| 776 |
1 |
8 |
|i Printed edition:
|z 9781349323739
|
| 856 |
4 |
0 |
|u http://proxy.library.tamu.edu/login?url=https://dx.doi.org/10.1057/9780230306943
|z Connect to the full text of this electronic book
|t 0
|
| 999 |
f |
f |
|s 8161ee89-ec4c-3196-8a21-538d7d45b108
|i 7caf72fd-463b-340a-b91a-9ec378aa8826
|t 0
|
| 952 |
f |
f |
|a Texas A&M University
|b College Station
|c Electronic Resources
|d Available Online
|t 0
|e D1055 .E976 2011
|h Library of Congress classification
|
| 998 |
f |
f |
|a D1055 .E976 2011
|t 0
|l Available Online
|